| 000 | 00656nam a22002417a 4500 | ||
|---|---|---|---|
| 003 | UA-OsUOA | ||
| 001 | 91096 | ||
| 007 | ta | ||
| 008 | 20121122b un ||||| |||| 00| 0 ukr d | ||
| 100 | _aКалдон Б. | ||
| 700 | _aЗбоїна Б. | ||
| 090 |
_a159.923:316.62 _bК17 |
||
| 942 | _cBK | ||
| 040 |
_aUA-OsUOA _bukr _cUA-OsUOA _dUA-OsUOA |
||
| 245 | _aДевіантні аспекти розвитку людини | ||
| 300 | _a216 с. | ||
| 955 | _a2 | ||
| 041 |
_aukr _hМова оригіналу |
||
| 080 | _a159.923:316.62 | ||
| 260 |
_aОстрог _bНаУОА _c2012 |
||
| 650 | 7 |
_a159.9 Психологія _2UDC |
|
| 999 |
_c377361 _d377361 |
||